00362nam a2200133 a 450000500170000000800410001702000150005805000200007310000170009324500470011026000370015730000220019465000120021620140310183231.0040422s19uu xx 00 eng d a0553493116 aPZ 7b.J65 2000 aJhon, Laurie aSweet valley university:bvery bad things. aNew York :bBantam Books,c2000. a278 p. :c17 cm.  aFiction